logo

Bir Sreshtho Munshi Abdur Rouf Library
Jhenaidah Cadet College

তারাশঙ্কর রচনাবলী / (Record no. 10964)

MARC details
000 -LEADER
fixed length control field 01201nam a2200265 a 4500
001 - CONTROL NUMBER
JCCL Control Number 10964
003 - CONTROL NUMBER IDENTIFIER
JCCL marc code BD-JhCC
005 - DATE AND TIME OF LATEST TRANSACTION
control field 20190708120526.0
008 - FIXED-LENGTH DATA ELEMENTS--GENERAL INFORMATION
fixed length control field 190608s1425 bg |||| |||| 000 0 ben d
020 ## - INTERNATIONAL STANDARD BOOK NUMBER
International Standard Book Number 1872932685
035 ## - SYSTEM CONTROL NUMBER
system control number (BD-JhCC)10964
040 ## - CATALOGING SOURCE
Original cataloging agency BD-JhCC
Modifying agency BD-JhCC
041 ## - LANGUAGE CODE
Language code of Book ben
082 ## - DEWEY DECIMAL CLASSIFICATION NUMBER
Classification number 891.443
Author mark and Year BAN 1425
100 ## - MAIN ENTRY--PERSONAL NAME
Personal name বন্দোপাধ্যায়, তারাশঙ্কর
245 ## - TITLE STATEMENT
Title তারাশঙ্কর রচনাবলী /
Statement of responsibility, etc তারাশঙ্কর বন্দোপাধ্যায়, সম্পাদনায় শ্রীগজেন্দ্রকুমার মিত্র, শ্রীসুমথনাথ ঘোষ এবং শ্রীসনৎকুমার মিত্র
260 ## - PUBLICATION, DISTRIBUTION, ETC. (IMPRINT)
Place of publication, distribution, etc কলকাতা :
Name of publisher, distributor, etc মিত্র ও ঘোষ,
Date of publication, distribution, etc ১৪২৫.
300 ## - PHYSICAL DESCRIPTION
Pagination খন্ড : ১- ২৫
Dimensions ২৪ সেমি.
650 ## - SUBJECT ADDED ENTRY--TOPICAL TERM
Topical term or geographic name as entry element Anthology
650 ## - SUBJECT ADDED ENTRY--TOPICAL TERM
Topical term or geographic name as entry element Complete works
700 ## - ADDED ENTRY--PERSONAL NAME
Personal name মিত্র, শ্রীগজেন্দ্রকুমার
700 ## - ADDED ENTRY--PERSONAL NAME
Personal name ঘোষ, শ্রীসুমথনাথ
700 ## - ADDED ENTRY--PERSONAL NAME
Personal name মিত্র, শ্রীসনৎকুমার
942 ## - ADDED ENTRY ELEMENTS (KOHA)
Source of classification or shelving scheme Dewey Decimal Classification
Koha item type Books
Holdings
Source of classification or shelving scheme volume number Damaged status Not for loan Home library Current library Shelving location Date of accession Cost, normal purchase price Total Checkouts Full call number Barcode Date last seen Copy number Koha item type
Dewey Decimal Classification V-1     JCC Rouf Library JCC Rouf Library General Stacks 06/08/2019 450.00   891.443 BAN 1425 14956 07/08/2019 C-1 Books
Dewey Decimal Classification V-2     JCC Rouf Library JCC Rouf Library General Stacks 06/08/2019 350.00   891.443 BAN 1425 14957 07/08/2019 C-1 Books
Dewey Decimal Classification V-3     JCC Rouf Library JCC Rouf Library General Stacks 06/08/2019 300.00   891.443 BAN 1425 14958 07/08/2019 C-1 Books
Dewey Decimal Classification V-4     JCC Rouf Library JCC Rouf Library General Stacks 06/08/2019 350.00   891.443 BAN 1425 14959 07/08/2019 C-1 Books
Dewey Decimal Classification V-5     JCC Rouf Library JCC Rouf Library General Stacks 06/08/2019 450.00   891.443 BAN 1425 14960 07/08/2019 C-1 Books
Dewey Decimal Classification V-6     JCC Rouf Library JCC Rouf Library General Stacks 06/08/2019 400.00   891.443 BAN 1425 14961 07/08/2019 C-1 Books
Dewey Decimal Classification V-7     JCC Rouf Library JCC Rouf Library General Stacks 06/08/2019 500.00   891.443 BAN 1425 14962 07/08/2019 C-1 Books
Dewey Decimal Classification V-8     JCC Rouf Library JCC Rouf Library General Stacks 06/08/2019 350.00   891.443 BAN 1425 14963 07/08/2019 C-1 Books
Dewey Decimal Classification V-9     JCC Rouf Library JCC Rouf Library General Stacks 06/08/2019 450.00   891.443 BAN 1425 14964 07/08/2019 C-1 Books
Dewey Decimal Classification V-10     JCC Rouf Library JCC Rouf Library General Stacks 06/08/2019 500.00   891.443 BAN 1425 14965 07/08/2019 C-1 Books
Dewey Decimal Classification V-11     JCC Rouf Library JCC Rouf Library General Stacks 06/08/2019 450.00   891.443 BAN 1425 14966 07/08/2019 C-1 Books
Dewey Decimal Classification V-12     JCC Rouf Library JCC Rouf Library General Stacks 06/08/2019 500.00   891.443 BAN 1425 14967 07/08/2019 C-1 Books
Dewey Decimal Classification V-13     JCC Rouf Library JCC Rouf Library General Stacks 06/08/2019 450.00   891.443 BAN 1425 14968 07/08/2019 C-1 Books
Dewey Decimal Classification V-14     JCC Rouf Library JCC Rouf Library General Stacks 06/08/2019 600.00   891.443 BAN 1425 14969 07/08/2019 C-1 Books
Dewey Decimal Classification V-15     JCC Rouf Library JCC Rouf Library General Stacks 06/08/2019 450.00   891.443 BAN 1425 14970 07/08/2019 C-1 Books
Dewey Decimal Classification V-16     JCC Rouf Library JCC Rouf Library General Stacks 06/08/2019 400.00   891.443 BAN 1425 14971 07/08/2019 C-1 Books
Dewey Decimal Classification V-17     JCC Rouf Library JCC Rouf Library General Stacks 06/08/2019 400.00   891.443 BAN 1425 14972 07/08/2019 C-1 Books
Dewey Decimal Classification V-18     JCC Rouf Library JCC Rouf Library General Stacks 06/08/2019 400.00   891.443 BAN 1425 14973 07/08/2019 C-1 Books
Dewey Decimal Classification V-19     JCC Rouf Library JCC Rouf Library General Stacks 06/08/2019 300.00   891.443 BAN 1425 14974 07/08/2019 C-1 Books
Dewey Decimal Classification V-20     JCC Rouf Library JCC Rouf Library General Stacks 06/08/2019 300.00   891.443 BAN 1425 14975 07/08/2019 C-1 Books
Dewey Decimal Classification V-21     JCC Rouf Library JCC Rouf Library General Stacks 06/08/2019 250.00   891.443 BAN 1425 14976 07/08/2019 C-1 Books
Dewey Decimal Classification V-22     JCC Rouf Library JCC Rouf Library General Stacks 06/08/2019 250.00   891.443 BAN 1425 14977 07/08/2019 C-1 Books
Dewey Decimal Classification V-23     JCC Rouf Library JCC Rouf Library General Stacks 06/08/2019 400.00   891.443 BAN 1425 14978 07/08/2019 C-1 Books
Dewey Decimal Classification V-24     JCC Rouf Library JCC Rouf Library General Stacks 06/08/2019 400.00   891.443 BAN 1425 14979 07/08/2019 C-1 Books
Dewey Decimal Classification V-25     JCC Rouf Library JCC Rouf Library General Stacks 06/08/2019 300.00   891.443 BAN 1425 14980 07/08/2019 C-1 Books

JCC Library | Contacts | JCC Home

Last Update on 23 September 2017
Copyright @ 2017-2020 JCC Rouf Library
Rouf Library, Jhenidah Cadet College (JCC), Bangladesh